Educación : prioridad de gobierno
| Autor principal: | |
|---|---|
| Format: | Llibre |
| Idioma: | espanyol |
| Publicat: |
San José, Costa Rica. :
[s.n.],
199?
|
| Matèries: |
MARC
| LEADER | 00000nam a2200000Ia 4500 | ||
|---|---|---|---|
| 008 | 180227bs cr ||||| |||| 00| | spa d | ||
| 999 | |c 1571 |d 1571 | ||
| 090 | |a 06.02.01 |b 808 | ||
| 100 | 1 | |a Herrera Araya, Marvin |9 3421 | |
| 245 | 1 | 0 | |a Educación : prioridad de gobierno |
| 260 | |a San José, Costa Rica. : |b [s.n.], |c 199? | ||
| 300 | |a 233 páginas | ||
| 650 | 1 | 4 | |a EDUCACIÓN |9 1 |
| 650 | 1 | 4 | |a INFORMES |9 267 |
| 650 | 1 | 4 | |a POLÍTICA EDUCATIVA |9 451 |
| 942 | |i 001544 |h 06.02.01 808 |2 z |c 01 | ||
